[Event "La Roda op 33rd"]
[Site "La Roda"]
[Date "2006.04.13"]
[Round "1.13"]
[White "Fernandez Gonzalez, Francisco"]
[Black "Zambrana, Oswaldo"]
[Result "0-1"]
[WhiteElo "2016"]
[BlackElo "2425"]
[PlyCount "64"]
[EventDate "2006.04.12"]
[EventType "swiss"]
[EventRounds "9"]
[EventCountry "ESP"]
[SourceTitle "CBM 111 Extra"]
[Source "ChessBase"]
[SourceDate "2006.05.09"]
[SourceVersion "1"]
[SourceVersionDate "2006.05.09"]
[SourceQuality "1"]

1. d4 d5 2. c4 dxc4 3. Nf3 Nf6 4. e3 e6 5. Bxc4 c5 6. 0-0 a6 7. Bb3 b5 8. dxc5 Qxd1 9. Rxd1 Nfd7 10. Nc3 Nxc5 11. Bc2 Bb7 12. b4 Ncd7 13. a3 Nb6 14. Ne4 N8d7 15. Ned2 Be7 16. Bb2 0-0 17. Ne5 Nxe5 18. Bxe5 Rfc8 19. Bb3 a5 20. Bd4 Nd5 21. bxa5 Nc3 22. Bxc3 Rxc3 23. a4 b4 24. Bc4 Rxa5 25. Bb5 Kf8 26. Rab1 Ra8 27. Nc4 Be4 28. Rbc1 Bc2 29. Re1 b3 30. a5 Bb4 31. a6 Rxc4 32. Bxc4 Bxe1 0-1